000 01142nam0a22003011 4500
001 rc\3956638
005 20250611035207.0
021 _aRU
_b[47-23053]
035 _a(NLR Aleph) 008047717
090 _a8921686
_c8921686
100 _a20130415d1947 |||y0rusy50 ca
101 1 _arus
_cest
102 _aRU
105 _ay z |||a|
200 1 _aИзбранные стихи
_fПер. Г. Шенгели
_g[Вступ. статья: Л. Тоом. "Иоганнес Барбарус", с. 3-13]
210 _aМосква
_cГослитиздат
_d1947
_g6-я тип. треста "Полиграфкнига"
215 _a252 с.
_d20
300 _aПеред загл. авт.: Иоганнес Барбарус
606 _aПоэты эстонские
_2psbo
608 _aЭстонская поэзия
_z20 в.
_2psbo
700 1 _aВарес
_bИ.Я.
_f1890-1946
_gИоханнес Якович
702 1 _aШенгели
_bГ.А.
_gГеоргий Аркадьевич
_4730
702 1 _aТоом
_bЛ.
_4080
801 0 _aRU
_bNLR
_gpsbo
801 1 _aRU
_bELAR
_2rusmarc
852 _aNLR
_jЛ40 Г-3/193
942 _cBOOK
980 _aNB